[Event "Olympiad-40"]
[Site "Istanbul"]
[Date "2012.09.04"]
[Round "7.4"]
[White "Kosic, Dragan"]
[Black "Macieja, Bartlomiej"]
[Result "0-1"]
[WhiteElo "2526"]
[BlackElo "2594"]
[Annotator "Macieja,B"]
[PlyCount "64"]
[EventDate "2012.08.28"]
[EventType "team-swiss"]
[EventRounds "11"]
[EventCountry "TUR"]
[SourceTitle "CBM 151"]
[Source "ChessBase"]
[SourceDate "2012.11.13"]
[SourceVersion "1"]
[SourceVersionDate "2012.11.13"]
[SourceQuality "1"]
[WhiteTeam "Montenegro"]
[BlackTeam "Poland"]
[WhiteTeamCountry "MNE"]
[BlackTeamCountry "POL"]

1. d4 Nf6 2. Nf3 d5 3. c4 e6 4. Nc3 dxc4 5. e4 Bb4 6. Bg5 c5 7. Bxc4 cxd4 8.
Nxd4 Bxc3+ 9. bxc3 Qa5 10. Bb5+ Nbd7 11. Bxf6 Qxc3+ 12. Kf1 gxf6 13. h4 a6 14.
Rh3 Qb4 15. Ba4 $6 {A very rare move.} (15. Be2) 15... b5 16. Bb3 Bb7 17. Rc1 {
During the game I had the feeling Black was already slightly better. After a
long thought I chose a wrong move.} Rd8 $6 (17... Ne5 {also gives White a
possibility to equalise} 18. Nxe6 $1 fxe6 19. Qh5+ Kd8 (19... Ng6 $2 20. Bxe6
Qe7 21. Bf5 $16) 20. Qd1+ Ke8 $11) ({The correct move is} 17... Qd6 $1 18. Rhc3
({I missed that after} 18. Rd3 Nc5 19. e5 fxe5 20. Rxc5 {I can take the knight,
not the rook} exd4 (20... Qxc5 $2 21. Nxe6 $1 fxe6 22. Qh5+ $11) 21. Qh5 Rg8
$17) 18... Rd8 ({Again} 18... Ne5 {is premature} 19. f4 Rd8 20. Nxe6 $1 Qxd1+
21. Rxd1 fxe6 (21... Rxd1+ $2 22. Bxd1 fxe6 23. Rc7 $1 O-O 24. Rxb7 Nc4 $14)
22. Rxd8+ Kxd8 23. fxe5 Bxe4 24. Bxe6 Ke7 25. Bb3 fxe5 26. Re3 Rf8+ 27. Kg1 $11
) 19. Nc6 Qxd1+ 20. Bxd1 $15 {with a probable draw, but still with an extra
pawn for Black.}) 18. Nxe6 $2 {Tempting from a practical point of view, but
objectively bad.} (18. Rc7 Ne5 (18... Nc5 $6 19. Qh5 Rd7 20. Nxe6 $1 Qxe4 21.
Re3 (21. Rxd7 Nxd7 22. Re3 Qb1+ 23. Bd1 Be4 {!} 24. Re1 Ne5 $11) 21... Qxg2+
22. Ke2 Nxe6 23. Rxe6+ Kd8 24. Rxd7+ Kxd7 25. Qxf7+ Kc8 26. Qxf6 Rd8 $14) (
18... Bxe4 19. Re3 Nc5 20. Rxe4 $1 (20. Rxc5 $2 f5 $1 $17) 20... Nxe4 21. Qh5
Rf8 (21... Rxd4 22. Qxf7+ Kd8 23. Ra7 Ng3+ $1 24. fxg3 Rf4+ $1 25. gxf4 Qxf4+
$11) 22. Nxe6 Rd2 23. Kg1 Rxf2 24. Rc8+ Ke7 25. Rc7+ Ke8 $11) 19. Rxb7 Qxd4 20.
Qxd4 Rxd4 21. Rb8+ Rd8 22. Rb6 $11) 18... fxe6 19. Qh5+ Kf8 $2 {I failed to
correctly calculate the following line:} (19... Ke7 20. Rg3 Bxe4 21. Rg7+ Kd6
22. Rd1+ (22. Qf7 $4 Bd3+ $1 {That's the defence I underestimated} 23. Kg1 Rhe8
24. Rd1 Qc3 $19) 22... Kc7 (22... Kc6 $2 23. Qf7 Kb6 24. Rxd7 Rxd7 25. Qxd7 Qc3
26. Qxe6+ Bc6 $14) 23. Bxe6 (23. Qf7 $4 Bc6 24. Bxe6 Qf8 $1 $19) 23... Bxg2+ $3
{An amazing defensive resource} 24. Rxg2 Ne5 25. Rg7+ Kb6 $17) 20. Rg3 Bxe4 21.
Bxe6 Qe7 $2 {Wrong move order!} (21... Ne5 22. Bb3 $1 Bg6 23. Qh6+ Ke8 24. Rxg6
$1 Nxg6 25. Re1+ Ne7 (25... Kd7 26. Qe3 $1 $11) 26. Qxf6 $11) 22. Bb3 {White
doesn't take his chance.} (22. Qh6+ Ke8 23. Bg4 $1 Bg6 24. Bxd7+ Qxd7 25. Rxg6
$1 Qd3+ 26. Kg1 Qxg6 27. Qe3+ Kf8 (27... Kd7 $4 28. Qa7+ $18) 28. Rc7 Qg7 $1
29. Rxg7 Kxg7 30. Qe7+ Kg6 31. h5+ {with good winning chances. Not easy to
find during the game though.}) 22... Ne5 {Now Black gets coordinated.} 23. Qh6+
Ke8 24. Rg7 Qd6 25. Re1 Bg6 $5 {Not forced, but it is useful to provoke the
white pawn to advance.} (25... Bd3+ 26. Kg1 Rd7 ({With a pawn standing on h4
that would not work.} 26... Bc4 $4 27. Bxc4 bxc4 28. f4 $18) 27. f4 Rxg7 28.
Qxg7 Qd4+ 29. Kh1 Qxf4 30. Qxh8+ Kd7 31. Rd1 Qxh4+ 32. Kg1 Qd4+ $11) 26. h5 ({
A more simple way was} 26. Ra7 Rd7 27. Ra8+ Rd8 28. Ra7 $11) 26... Bd3+ 27. Kg1
Bc4 28. Bxc4 ({As I was in a time trouble, I was much more afraid of a quiet
move} 28. Kh1 $5 {and I am not sure if I managed to find} Rg8 $3 29. Rxg8+ Bxg8
30. Bxg8 Qd1 $1 31. Qe3 Qxh5+ 32. Kg1 Kf8 {But even then White had a good
compensation and was not risking much after} 33. Bb3) 28... bxc4 29. f4 Qd4+
30. Kh1 $6 {Not precise} (30. Kh2 Rd6 $1 31. Rb7 Qd2 32. Qg7 {That's where the
difference is} Qxf4+ 33. Kg1 Qd4+ 34. Kf1 $11) 30... Rd6 $1 {For my opponent
an unexpected response. Black defends against Rxe5 followed by Qe6+, whereas
against fxe5 he doesn't have to!} 31. Rb7 $4 {White misses a strong answer.} ({
Still White could have defended after} 31. Rg3 Kd8 32. Qg7 Re8 33. fxe5 Rxe5
34. Rxe5 $11) 31... Qd2 $1 32. Reb1 (32. Rbb1 Kf7 $19) (32. Re4 Kd8 $1 $19) (
32. Rg1 Qf2 $1 $19) (32. Rf1 Qe2 $19) 32... Qd1+ 0-1

[Event "EU-ch (Women) 12th"]
[Site "Tbilisi"]
[Date "2011.05.08"]
[Round "2"]
[White "Stefanova, Antoaneta"]
[Black "Movsesian, Julia"]
[Result "1-0"]
[WhiteElo "2506"]
[BlackElo "2341"]
[Annotator "Mikhalchishin,A"]
[PlyCount "61"]
[EventDate "2011.05.07"]
[EventType "swiss"]
[EventRounds "11"]
[EventCountry "GEO"]
[SourceTitle "CBM 142 Extra"]
[Source "ChessBase"]
[SourceDate "2011.06.27"]
[SourceVersion "1"]
[SourceVersionDate "2011.06.27"]
[SourceQuality "1"]

1. d4 d5 2. c4 e6 3. Nf3 Nf6 4. Nc3 dxc4 5. e4 Bb4 6. Bg5 h6 ({It is simpler
to transpose to the main lines, but it demands a good knowledge of theory:} 
6... c5) 7. Bxf6 Qxf6 8. Bxc4 c5 9. e5 Qd8 10. O-O ({There are still
unexplored ideas in the positions after the central break:} 10. d5 exd5 11.
Bxd5 (11. Qxd5 Qxd5 12. Bxd5 Nc6 13. O-O-O Bxc3 14. bxc3 Be6 15. Rd2 (15. Bxc6+
{does not look promising:} bxc6 16. Rd6 Bd5 17. c4 Bxc4 18. Rxc6 Bxa2 19. Rxc5
O-O 20. Kd2 Rfb8) 15... O-O-O 16. Rhd1 Kc7 17. Kc2 Rhe8 18. Bxe6 fxe6 19. c4
Rxd2+ 20. Rxd2 Rf8 21. Kd3 {0-1 Polak,T (2526)-Movsesian,S (2705)/Hustopece
CZE 2011 (60)}) 11... O-O 12. Rc1 Nc6 13. O-O Nd4 14. Be4 (14. Nxd4 Bxc3 15.
Nf3 Bxb2 16. Rxc5 Qb6) 14... Re8 15. Nd5 (15. a3 $142 $5 Ba5 16. Na4 Nxf3+ 17.
Qxf3 Rxe5 18. Nxc5 $14) 15... Bf5 16. Bxf5 Qxd5 17. Nxd4 Rxe5 18. Nb5 Qxd1 19.
Rfxd1 Rxf5 20. a3 c4 21. axb4 Rxb5 22. Rxc4 a5 23. g3 {1/2 Aronian,L (2786)
-Kramnik,V (2772)/Moscow RUS 2009}) 10... cxd4 11. Ne4 O-O 12. Qe2 (12. a3 Be7
13. Qe2 $5 (13. Qxd4 Qxd4 14. Nxd4 Nd7) 13... Nd7 (13... Qb6 $142 14. Rfd1 Rd8)
14. Rfd1 Qc7 15. Ng3 Rd8 16. Rac1 Qb6 (16... Nc5 17. b4 Na4 18. Nxd4 Qb6) 17.
Rxd4 Nf8 18. Rg4 Bd7 19. Nh5 Ng6 20. h4 (20. Bd3 Be8) 20... Bf8 21. Bd3 Be8 (
21... Bc6 $142) 22. Bxg6 fxg6 23. Nf4 Kh7 $2 (23... Rac8 $1) 24. Qe4 Qxb2 25.
Rb1 Qxa3 26. Nxg6 Kg8 27. Rxb7 Qc1+ 28. Kh2 Qc6 {1-0 Mamedyarov,S (2763)
-Kramnik,V (2791)/Moscow RUS 2010}) 12... Bd7 (12... Qb6 13. Ng3 Bd7 14. a3 Be7
15. Rad1 Rd8 16. Rxd4 Bc6 17. Rg4 Bf8 18. Nh5 Kh8 19. Rg3 Na6 20. Ng5 Qc7 21.
Qc2 g6 22. Nxe6 Qxe5 23. Nxd8 Rxd8 24. Bxa6 Qxh5 25. Be2 {and Black's
compensation for the exchange is not sufficient.}) 13. Rfd1 Bc6 $2 (13... Nc6 {
looks much stronger:} 14. a3 Be7 15. b4 Qb8 16. Ng3 b5 17. Bxb5 Nxe5 18. Bxd7
Nxd7 19. Nxd4 Ne5 20. Nb3 a6 21. Ne4 Qb5 22. Qxb5 axb5 23. Nd4 Rfd8 $6 24. Nxb5
Rxd1+ 25. Rxd1 Nc4 26. Nec3 Nxa3 27. Ra1 Bxb4 28. Nb1 Nxb5 29. Rxa8+ Bf8 30. h4
{,1/2 Grischuk,A (2736)-Aronian,L (2781)/Linares ESP 2010, where it is not
easy (maybe even not possible) to realise the exchange.}) 14. Rxd4 Qe7 ({
After the better} 14... Qb6 15. a3 Be7 16. Rad1 {White's control over the
d-file would be very unpleasant.}) 15. Rad1 Nd7 (15... a6 {was slow, but
better.}) 16. Bb5 $1 {After this move White has a huge advantage.} Rad8 17.
Bxc6 bxc6 18. Qc4 c5 {This shuts in the bishop, but there was no real choice.}
19. Rd6 Nb6 20. Qb5 Qe8 ({The d-pawn would become terribly dangerous after the
capture on d6:} 20... Rxd6 21. exd6 Qd7 22. Qe2 c4 23. a3 Ba5 24. Ne5 Qb5 25.
d7) 21. Qxe8 Rdxe8 22. a3 Ba5 23. Nxc5 Nc4 24. Ra6 $6 Rd8 25. Rc1 Bc7 26. Nb7
Nxb2 27. Nxd8 Rxd8 28. Rxa7 Bb6 29. Rb7 Bxf2+ 30. Kf1 Be3 31. Rcc7 1-0

[Event "GER-ARM"]
[Site "Baden-Baden"]
[Date "1996.??.??"]
[Round "4"]
[White "Lputian, Smbat G"]
[Black "Gabriel, Christian"]
[Result "1-0"]
[WhiteElo "2595"]
[BlackElo "2565"]
[Annotator "Mowsziszian,K"]
[PlyCount "47"]
[EventDate "1996.07.31"]
[EventType "match"]
[EventRounds "4"]
[EventCountry "GER"]
[SourceTitle "CBM 055"]
[Source "ChessBase"]
[SourceDate "1996.12.01"]
[SourceVersion "1"]
[SourceVersionDate "1996.12.01"]
[SourceQuality "1"]
[WhiteTeam "Armenia"]
[BlackTeam "Germany"]
[WhiteTeamCountry "ARM"]
[BlackTeamCountry "GER"]

1. d4 Nf6 2. c4 e6 3. Nf3 d5 4. Nc3 dxc4 5. e4 Bb4 6. Bg5 c5 7. Bxc4 cxd4 8.
Nxd4 Bxc3+ 9. bxc3 Qa5 10. Bb5+ Nbd7 11. Bxf6 Qxc3+ 12. Kf1 gxf6 13. h4 Qa5 (
13... Ke7 14. Rh3 Qa5 15. Rb1 Rd8 16. Qc1 Ne5 17. Qc5+ (17. f4 Rxd4 18. Qc5+
Rd6 19. fxe5 fxe5 20. Qxe5 Bd7 21. Qg5+ $40 {Lobron,E-Yudasin,L/Munich/1991/})
17... Rd6 18. Rd1 Qb6 19. Nc6+ bxc6 20. Qxd6+ Ke8 21. Rg3 Qxb5+ 22. Kg1 {
1-0/Adorjan,A-Chernin,A/Debrecen/1990/}) 14. Rc1 Ke7 15. Rh3 Rd8 16. Qc2 a6 17.
Be2 Ne5 18. Qb2 Rd6 19. Rb3 Nd7 (19... b5 20. f4 Nc4 21. Bxc4 bxc4 22. Rxc4 $1
(22. e5 $6 fxe5 23. fxe5 Rxd4 24. Qxd4 cxb3 25. Qd6+ Ke8 26. Qc6+ Ke7 27. Qd6+
Ke8 28. Qc6+ Ke7 29. Qd6+ {0,5-0,5/Browne,W-Petursson,M/St Martin op/1991/})
22... Bd7 23. a4 $5 Rd8 24. e5 fxe5 25. fxe5 Rd5 (25... Qxe5 $2 26. Nc6+ $18)
26. Qa3+ Ke8 27. Rg3 Bc8 28. Rg8+ Kd7 29. Rf8 Rxf8 (29... Rxe5 30. Rxf7+ Ke8
31. Qe7#) 30. Qxf8 Rxe5 (30... Bb7 31. Qxf7+ Kd8 32. Nxe6#) 31. Qxc8+ Kd6 32.
Qb8+ {1-0 Cramling,P-Rodriguez Talavera,J/Dos Hermanas (06) ;CBM 31 1992} (32.
Qb8+ Kd5 33. Qxe5+ $1 Kxe5 34. Nc6+)) (19... Kf8 20. h5 Qd8 21. Qa3 Qe7 22. Rg3
Rd7 23. Qe3 Qd8 24. Nf3 Nc6 25. Qh6+ Ke7 26. Qxh7 Nd4 27. Rg8 Qb6 28. Qg7 {
1-0 Cramling,P-Galliamova,A/Jakarta iztW ;EXT 93 1993 (39)}) 20. f4 Nc5 21. Re3
Rb6 (21... Na4 22. Qa3 {/\e5} e5 23. Rc6 Qd8 24. Rxc8 Rxc8 25. Nf5+ Ke6 26.
Nxd6 Qxd6 27. Bg4+ $18) (21... Bd7 22. e5 fxe5 23. Rxe5 $16) 22. Qc2 Rb4 (22...
Na4 23. Qc7+ Bd7 (23... Ke8 24. Rg3 $1 $18) 24. Rd1 $16 {/\Sf5+ ,Sc6+,Se6}) 23.
Rc3 Na4 (23... Rxd4 24. Rxc5 Qd8 25. Rxc8 $18) 24. Rxc8 {Das war ein
theoretisches Duel. Mit Siocherheit läßt sich sagen, daß Weiß durch das
Bauernopfer gefährliche Initiative bekommt.} (24. Rxc8 Rxc8 25. Qxc8 Rxd4 26.
Rc7+ Kd6 27. Rd7#) 1-0

[Event "FIDE-Wch k.o."]
[Site "Moscow"]
[Date "2001.11.28"]
[Round "1.2"]
[White "Goldin, Alexander"]
[Black "Nielsen, Peter Heine"]
[Result "1/2-1/2"]
[WhiteElo "2612"]
[BlackElo "2620"]
[Annotator "Nielsen,Peter Heine"]
[PlyCount "69"]
[EventDate "2001.11.27"]
[EventType "k.o."]
[EventRounds "7"]
[EventCountry "RUS"]
[SourceTitle "CBM 086"]
[Source "ChessBase"]
[SourceDate "2002.02.05"]
[SourceVersion "1"]
[SourceVersionDate "2002.02.05"]
[SourceQuality "1"]

1. d4 Nf6 2. c4 e6 3. Nf3 d5 4. Nc3 dxc4 5. e4 Bb4 6. Bg5 c5 7. e5 h6 8. exf6
hxg5 9. fxg7 Rg8 10. dxc5 (10. a3 {As played in Van Wely-Agrest seems more
critical to me. Should black retreat with 10...Ba5 as in the game, this is
certainly an achievement for White.}) 10... Qxd1+ 11. Rxd1 Rxg7 12. Bxc4 Nc6 (
12... Nd7 {Is more normal.} 13. c6 bxc6 14. O-O {Should be ok for black, but I
didn't find it completely satisfactory.}) 13. O-O Bxc5 14. Ne4 Be7 15. g4 (15.
Nd6+ Bxd6 16. Rxd6 Ke7 17. Rfd1 {Would be great, but 16...g4! destroys black's
coordination  Therefore the textmove is the only way to try and pressurize. .})
(15. Bb5 Bd7 16. Rxd7 Kxd7 17. Ne5+ Kc7 18. Rc1 {Might look intimidating, but
its just bad for white after.} Rc8) 15... Bd7 16. Nd6+ Bxd6 17. Rxd6 Ke7 18.
Rfd1 Be8 {White has optical pressure, but blacks is much too solid. White
however needed to win in order to stay in the match, so he tries regrouping.}
19. R6d2 Rc8 20. Re1 Rg8 21. a3 Kf6 {Preparing Ne7-g6. Bad news for white.
More exchanges is neccesary.} 22. Ba2 Ne7 23. Ne5 Ng6 24. Nxg6 Rxg6 25. Bb1 Rh6
26. Be4 b6 27. Kg2 Bc6 {Securing the draw.} 28. Bxc6 Rxc6 29. Rd7 Rc2 30. Re3
Kg7 31. Rf3 Rf6 32. Rxf6 Kxf6 33. b4 a5 34. bxa5 bxa5 35. Ra7 1/2-1/2

[Event "Croatia GCT"]
[Site "Zagreb"]
[Date "2019.06.30"]
[Round "5"]
[White "Mamedyarov, Shakhriyar"]
[Black "Aronian, Levon"]
[Result "1/2-1/2"]
[WhiteElo "2774"]
[BlackElo "2752"]
[Annotator "Pelletier,Y"]
[PlyCount "78"]
[EventDate "2019.06.26"]
[EventType "tourn"]
[EventRounds "11"]
[EventCountry "CRO"]
[EventCategory "22"]
[SourceTitle "CBM 191"]
[Source "ChessBase"]
[SourceDate "2019.08.31"]
[SourceVersion "1"]
[SourceVersionDate "2019.08.31"]
[SourceQuality "1"]

1. d4 Nf6 2. c4 e6 3. Nc3 Bb4 4. Nf3 d5 5. Qa4+ Nc6 6. Bg5 dxc4 {Levon Aronian
really enjoys playing the Vienna Variation of the Queen's Gambit, but only
under certain conditions. For instance, he does not play the classical move
order 1.d4 Nf6 2.c4 e6 3.Nf3 d5 4.Nc3 dxc4, because of the dangerous pawn
sacrifice 5.e4 Bb4 6.Bxc4 which has become so fashionable at the highest level.
Reaching the Vienna through the Ragozin move order is indeed popular nowadays,
especially with the move order 5.Bg5 dxc4. The line with Qa4+ is a specialty
of Shakhriyar Mamedyarov, but it has a dubious reputation. Only a player with
such a refined sense of the initiative as the Azeri star can actually hope to
fall back on his feet in these positions.} 7. a3 Bxc3+ 8. bxc3 Qd5 {If White
were to gain back the c4 pawn without effort, he would stand better. The
weakening of the pawn structure after the exchange on f6 is not troublesome
for Black, who intends to strenghten his extra pawn with b5.} 9. Bxf6 gxf6 10.
g3 Bd7 ({In my recent Chessbase DVD on the Vienna, I rather recommend} 10... e5
{here, following a game Jurcik,M (2474)-Winants,L (2540) Rogaska Slatina 2011.
I haven't managed to find full equality for White, but I am sure that
Mamedyarov had an idea on how to keep the game in muddy waters in order to get
decent practical counter chances.}) 11. Qc2 Na5 12. e4 (12. Bg2 Nb3 13. Rb1 Bc6
14. O-O O-O-O $15 {leads to a rather healthy advantage for Black.}) 12... Qd6
13. Bg2 Nb3 14. Rd1 ({Mamedyarov is not the kind of players who would put his
rook on a sad sqaure in order to protect a poor little pawn. Indeed, after} 14.
Ra2 e5 $5 15. O-O O-O-O {, White lacks activity.}) 14... Qxa3 15. O-O O-O-O ({
Pushing the newly created passed pawn with} 15... a5 {is tempting, but Aronian
is rightly concerned about the safety of his king.}) 16. Qe2 Bb5 17. Rb1 c6 (
17... a6 {looks like a natural and compact way of organizing Black's play. A
sensible plan could, then, consist in preparing c5 with Kb8 and a queen
retreat.}) 18. Rfd1 a5 19. Nd2 Nxd4 $5 ({Levon Aronian plays very consistently.
Even though} 19... Nxd2 20. Qxd2 Qe7 {may secure Black an edge, trading
knights is not quite in the spirit of the position.}) ({After} 19... Qa2 20.
Qe1 {the black queen seems to have lost its way near the corner.}) 20. cxd4
Rxd4 {In return for the knight, Black has now 4 pawns and dominates the board.
He is clearly better, but the position is messy enough.} 21. Ra1 (21. Qe3 Rd3
$5 (21... Qxe3 22. fxe3 Rd7 $17) 22. Qa7 Rhd8 {is almost winning. The lonely
Qa7 should not worry Black, provided he has spotted the resource} 23. Rxb5 cxb5
24. e5 R8d5 $1 25. Bxd5 Rxd5 {, which leaves White without hope for salvation.}
) 21... Qb2 (21... Qb4 $5 {was perhaps a tad more accurate, as Black's queen
sacrifice is more effective in the variation} 22. Rab1 c3 23. Qf3 Rhd8 $1 24.
Rxb4 axb4 25. Qxf6 Rxd2 26. Rxd2 Rxd2 $1 27. Bf3 c2 28. Qa1 Rd3 29. Kg2 Rc3 30.
Qc1 b3 $19 {It is easy to find this line with an engine showing -5 at around
move 24... Over the board, understanding that Black is winning before going
for 21...Qb4 is far from obvious.}) 22. Rab1 c3 23. Qf3 Rxd2 24. Rxb2 cxb2 25.
Bf1 $6 (25. Rb1 $142 Rhd8 26. Bf1 {leading to the game}) 25... Rhd8 ({I am not
sure if Aronian missed} 25... Be2 $1 {altogether, or if he thought that the
game continuation was easier. In any case, Black is winning after} 26. Qxf6 (
26. Bxe2 $2 Rxd1+ 27. Bxd1 b1=Q) (26. Rxd2 Bxf3 27. Rxb2 Rd8 $19) 26... Bxd1
27. Qxh8+ Kd7 28. Qc3 b1=Q 29. Qxd2+ Kc8) 26. Rb1 Bxf1 (26... Bd3 27. Bxd3
R8xd3 28. Qg4 Rc3 $19) 27. Kxf1 Rc2 $2 ({The danger when everything seems to
be winning is that you start being careless and forget hidden ressources.
Things become more complicated now for the Armenian.} 27... R8d3 {would have
won in similar fashion as 26...Bd3}) 28. Kg2 Rdd2 29. Qxf6 $1 a4 {Threatening
to take on f2. But this move also weakens some squares which can be used by
the white queen to harass the enemy king.} 30. Kh3 $1 Rxf2 ({Perpetual check
will be delivered after} 30... a3 31. Qxf7 Rc1 (31... a2 $2 32. Qxe6+ $18 {
[%cal Ge6a2]}) 32. Qxe6+ Kc7 33. Qe7+ Kc8 (33... Rd7 $6 34. Qe5+ $16 {[%cal
Gb1b2]}) 34. Qe6+ Kb8 35. Qe5+ {etc}) 31. Qh8+ Kc7 32. Qd4 f6 ({Things have
clearly gone out of control with Black's king exposed, and Aronian plays a
line which leads to perpetual check. He did not feel like going for an
adventurous king march with} 32... b5 33. Qa7+ Kd6 {, even though this still
allows Black to play for a win .}) 33. Qxa4 $6 (33. Kg4 $1 {was the right way
to play,} a3 $140 34. Qb4 $1 $11) 33... Rxh2+ ({It is hard to tell if Aronian
had already resigned himself to a draw. The complications following} 33... h5
34. Qa5+ b6 $1 {are enormous, but Black seems to keep good winning chances, e.
g.} 35. Qa7+ Kd6 36. e5+ (36. Rd1+ Ke5 37. Qc7+ Kxe4 38. Re1+ Kd5 $1 39. Rd1+
Rfd2 40. Rxd2+ Rxd2 41. Qxb6 c5 $17) 36... Kc5 37. Qa3+ Kd4 38. Qd6+ Ke4 39.
Re1+ Kf5 40. Rf1 $1 Rxf1 41. Qd3+ Kxe5 42. Qxf1 c5 $17) 34. Kg4 h5+ 35. Kf4
Rhf2+ 36. Ke3 Rfe2+ 37. Kf3 Rf2+ 38. Ke3 Rfe2+ 39. Kf3 Rf2+ 1/2-1/2

[Event "POL-chT 66th"]
[Site "Katowice"]
[Date "2010.09.08"]
[Round "5"]
[White "Sieciechowicz, Marcin"]
[Black "Gajewski, Grzegorz"]
[Result "1/2-1/2"]
[WhiteElo "2443"]
[BlackElo "2568"]
[Annotator "RR"]
[PlyCount "59"]
[EventDate "2010.09.04"]
[EventType "team-tourn"]
[EventRounds "9"]
[EventCountry "POL"]
[SourceTitle "EXT 2016"]
[Source "ChessBase"]
[SourceDate "2015.10.08"]
[SourceVersion "1"]
[SourceVersionDate "2015.10.08"]
[SourceQuality "1"]
[WhiteTeam "Prokonex"]
[BlackTeam "Lublin"]
[WhiteTeamCountry "POL"]
[BlackTeamCountry "POL"]

1. d4 Nf6 2. c4 e6 3. Nf3 d5 4. Nc3 Bb4 5. Bg5 dxc4 6. e4 h6 (6... c5 7. Bxc4 (
7. e5)) 7. Bxf6 Qxf6 8. e5 $5 {Une idée d'Ivanchuk jouée un an plus tôt} (8.
Bxc4) (8. Qa4+) 8... Qd8 9. Bxc4 (9. Qa4+ Nc6 {Ivanchuk,V (2739)-Kramnik,V 
(2772) Moscow Tal Memorial 4th 2009 (9) 1/2}) 9... c5 10. d5 (10. O-O O-O 11.
Ne4 {[%cal Ge4c5,Ge4d6,Ga2a3]} cxd4 12. Qe2 Qb6 13. Bd3 Rd8 14. Ng3 Bd7 15. Qe4
g6 16. Qg4 Be8 17. h4 Nd7 18. h5 Nf8 19. Nh4 Kh7 20. f4 Be7 21. f5 exf5 22.
Ngxf5 Bg5 23. hxg6+ Nxg6 24. Nxh6 Bxh6 25. Rf6 Be3+ 26. Kh1 Qc7 27. Raf1 Qxe5
28. Rxf7+ Bxf7 29. Rxf7+ Kh8 30. Nxg6+ {1-0 (30) Mamedyarov,S (2743)-Vallejo
Pons,F (2698) Dubai 2014}) 10... exd5 11. Bxd5 Bxc3+ 12. bxc3 O-O 13. O-O Nc6
14. Qd2 (14. Re1 Qc7 15. Qb3 Bg4 16. e6 Bxe6 17. Bxe6 fxe6 18. Rxe6 Qf7 19.
Rae1 Rad8 20. Qb5 Rd5 21. h3 Rfd8 22. Qc4 Rd1 23. Rxd1 Rxd1+ 24. Kh2 Rd8 25.
Qg4 Qd7 26. Nh4 Re8 27. Rxe8+ Qxe8 28. f4 Qf7 29. Ng6 Kh7 30. f5 Ne7 31. Nxe7
Qxe7 32. c4 {1/2-1/2 (32) Postny,E (2641)-Pelletier,Y (2577) Saint Quentin 2014
}) 14... Bg4 15. Rfd1 Qc7 (15... Bxf3 16. Bxf3 Qxd2 17. Rxd2 Nxe5 18. Bxb7 Rab8
$11) 16. Qe3 Bxf3 17. Bxf3 Nxe5 18. Bxb7 Ng4 19. Qg3 Qxb7 20. Qxg4 $11 {
La nulle est proche} Rad8 21. Qc4 Qc7 22. h3 Rfe8 23. Rab1 g6 24. Qa6 Kg7 25.
g3 Re6 26. Qc4 Rb6 27. Qe4 Re6 28. Qc4 Rb6 29. Qe4 Re6 30. Qc4 1/2-1/2